| 000 | 00413nam a22001817a 4500 | ||
|---|---|---|---|
| 003 | Ost | ||
| 005 | 20220902214807.0 | ||
| 008 | 220902b |||||||| |||| 00| 0 eng d | ||
| 020 | _aNA | ||
| 040 | _cBT-PhCST | ||
| 050 | _a4603 | ||
| 082 |
_222 _a658.5 |
||
| 100 | _aStevenson, William J. | ||
| 245 | _aOperations management / | ||
| 260 |
_bTata McGraw-Hill, _cc2006. |
||
| 300 |
_a0 _bill. ; |
||
| 942 |
_2ddc _cMAG |
||
| 999 |
_c3290 _d3290 |
||